000 00412 a2200157 4500
005 20250616170814.0
020 _a0-07-024142-2
082 _a004.16 GRA
100 _aGRAUER, R. T.
245 _aMicrocomputers Applications.
250 _a2nd Ed.
260 _aNew York,
_bMcGraw-Hill,
_c1989.
300 _axxii, 517p.: ill.; graphs, table
_bGlossary & Index
_c26cm.
700 _aSUGRUE, P. K.
942 _2ddc
_cBKS
999 _c113
_d113